000 00573nam a2200205 a 4500
001 000041453
005 20201002034913.0
008 131007s1996 sp 000 0 spa d
020 _a8408014765
040 _aDO-SdBNP
_bspa
_cBNPHU
082 _axxxxx
_bxxxxx
100 1 _aGrisham, John
_911177
245 1 3 _aEl cliente / :
_bJohn Grisham ; traducción Enric Tremps.
250 _a4a ed.
260 _aBarcelona :
_bPlaneta,
_c1996.
300 _a418 p. ;
_c19 cm.
490 1 _aBolsillo
_v404
700 1 _aTremps, Enric,
_etr.
_910907
830 0 _aBolsillo
_n404
_968124
999 _c40943
_d40943